[Event "Lloyds Bank Masters 18th"]
[Site "London"]
[Date "1994.08.23"]
[Round "4"]
[White "Kjeld, Matthias"]
[Black "Ben Menachem, Itzhak"]
[Result "1-0"]
[WhiteElo "2140"]
[BlackElo "2345"]
[PlyCount "80"]
[EventDate "1994.08.20"]
[EventType "swiss"]
[EventRounds "10"]
[EventCountry "ENG"]
[SourceTitle "BritBase"]

1. d4 d5 2. c4 dxc4 3. e3 Nf6 4. Nc3 e6 5. Bxc4 a6 6. Nf3 c5 7. O-O b5 8. Be2
Bb7 9. Qc2 Nbd7 10. Rd1 Rc8 11. dxc5 Bxc5 12. a3 Qc7 13. Bd2 O-O 14. Rac1 Qb8
15. h3 Rfd8 16. Qb1 Nb6 17. Be1 Bd6 18. Nd2 h6 19. Nde4 Be7 20. Nd2 Qa8 21. Bf1
e5 22. Nb3 Nc4 23. Nd2 Nxd2 24. Rxd2 Rxd2 25. Bxd2 Rd8 26. Be1 e4 27. Ne2 Nd7
28. Ba5 Re8 29. Nd4 g6 30. Rc7 Nf6 31. Qe1 Nd5 32. Rc1 Qb8 33. Nc6 Qd6 34.
Nxe7+ Qxe7 35. Qd2 h5 36. Qd4 h4 37. Rc5 Qe6 38. Bc3 Nxc3 39. Rxc3 Bd5 40. Rc5
Bb3 {time} 1-0

[Event "Lloyds Bank Masters 18th"]
[Site "London"]
[Date "1994.08.23"]
[Round "4"]
[White "Kumaran, Dharshan"]
[Black "Adrian, Claude"]
[Result "1-0"]
[WhiteElo "2495"]
[BlackElo "2285"]
[PlyCount "45"]
[EventDate "1994.08.20"]
[EventType "swiss"]
[EventRounds "10"]
[EventCountry "ENG"]
[SourceTitle "BritBase"]

1. d4 Nf6 2. c4 c5 3. d5 b5 4. cxb5 a6 5. f3 e6 6. e4 Bb7 7. Nc3 g6 8. Bg5 h6
9. Bh4 g5 10. Bf2 Qa5 11. dxe6 fxe6 12. Bd3 Be7 13. Nge2 d5 14. exd5 exd5 15.
O-O axb5 16. Bxb5+ Kf8 17. a4 Na6 18. Ng3 Nc7 19. Nf5 d4 20. Nxe7 Kxe7 21. Qe2+
Kf7 22. Bc4+ Kg6 23. Qe7 1-0

[Event "Lloyds Bank Masters 18th"]
[Site "London"]
[Date "1994.08.23"]
[Round "4"]
[White "Law, Andrew P"]
[Black "Cobb, Charles"]
[Result "1/2-1/2"]
[WhiteElo "2375"]
[BlackElo "2155"]
[PlyCount "80"]
[EventDate "1994.08.20"]
[EventType "swiss"]
[EventRounds "10"]
[EventCountry "ENG"]
[SourceTitle "BritBase"]

1. d4 e6 2. e4 d5 3. Nd2 Nf6 4. e5 Ne4 5. Nxe4 dxe4 6. Be3 c5 7. dxc5 Nd7 8.
Qd4 Nxc5 9. Bb5+ Nd7 10. Ne2 Qa5+ 11. Nc3 a6 12. Be2 Qxe5 13. Qxe4 Be7 14. Qxe5
Nxe5 15. Na4 Bd7 16. Nb6 Rd8 17. Nxd7 Rxd7 18. Rd1 Rxd1+ 19. Kxd1 O-O 20. c3
Rd8+ 21. Kc2 h6 22. f4 Nc6 23. Bf3 g5 24. g3 Kg7 25. b4 Bf6 26. Rc1 e5 27. f5
e4 28. Bxe4 Re8 29. Bxc6 Rxe3 30. Bxb7 Rxc3+ 31. Kb1 Rxc1+ 32. Kxc1 Bc3 33. a3
a5 34. b5 Kf6 35. Kc2 Bd4 36. Bd5 Kxf5 37. Bxf7 Bg1 38. h3 Bf2 39. g4+ Ke5 40.
Kd3 Bb6 1/2-1/2

[Event "Lloyds Bank Masters 18th"]
[Site "London"]
[Date "1994.08.23"]
[Round "4"]
[White "Levitt, Jonathan"]
[Black "Davies, Nigel R"]
[Result "1/2-1/2"]
[WhiteElo "2425"]
[BlackElo "2510"]
[PlyCount "70"]
[EventDate "1994.08.20"]
[EventType "swiss"]
[EventRounds "10"]
[EventCountry "ENG"]
[SourceTitle "BritBase"]

1. d4 Nf6 2. c4 e6 3. Nc3 Bb4 4. e3 O-O 5. Bd3 d5 6. a3 Bxc3+ 7. bxc3 dxc4 8.
Bxc4 c5 9. Nf3 Qc7 10. Ba2 b6 11. O-O Bb7 12. Ne5 Nc6 13. Nxc6 Qxc6 14. f3 Rfd8
15. Bb2 Rac8 16. e4 cxd4 17. cxd4 Qc2 18. Rf2 Qxd1+ 19. Rxd1 Ba6 20. Rfd2 Bc4
21. Bxc4 Rxc4 22. d5 exd5 23. Bxf6 gxf6 24. exd5 Rd6 25. Rd4 Rxd4 26. Rxd4 b5
27. Kf2 Kf8 28. Ke3 Ra6 29. Rd3 Ra4 30. d6 Ke8 31. d7+ Kd8 32. Kd2 b4 33. axb4
Rxb4 34. Kc3 Rb7 35. Rd6 Rc7+ 1/2-1/2

[Event "Lloyds Bank Masters 18th"]
[Site "London"]
[Date "1994.08.23"]
[Round "4"]
[White "Mainka, Romuald"]
[Black "Allen, Andrew"]
[Result "1-0"]
[WhiteElo "2485"]
[BlackElo "2275"]
[PlyCount "51"]
[EventDate "1994.08.20"]
[EventType "swiss"]
[EventRounds "10"]
[EventCountry "ENG"]
[SourceTitle "BritBase"]

1. e4 c5 2. Nf3 e6 3. d4 cxd4 4. Nxd4 Nf6 5. Nc3 d6 6. Be2 Be7 7. O-O O-O 8.
Be3 a6 9. a4 Qc7 10. a5 Nbd7 11. Nb3 b5 12. axb6 Nxb6 13. Qd4 Nbd7 14. Rfd1 Bb7
15. Na5 Ne5 16. f3 Rfc8 17. Qb6 Qxb6 18. Bxb6 Bc6 19. Bxa6 Rcb8 20. Bc7 Rxb2
21. f4 Rxc2 22. fxe5 Rxc3 23. exd6 Bxd6 24. Bxd6 Rxa6 25. Be5 Rc2 26. Nxc6 1-0

[Event "Lloyds Bank Masters 18th"]
[Site "London"]
[Date "1994.08.23"]
[Round "4"]
[White "Markowski, Tomasz"]
[Black "Holland, Christopher"]
[Result "1/2-1/2"]
[WhiteElo "2475"]
[BlackElo "2265"]
[PlyCount "87"]
[EventDate "1994.08.20"]
[EventType "swiss"]
[EventRounds "10"]
[EventCountry "ENG"]
[SourceTitle "BritBase"]

1. g3 e5 2. c4 g6 3. Bg2 Bg7 4. Nc3 d6 5. d3 Ne7 6. e3 O-O 7. Nge2 Nd7 8. O-O
c6 9. b3 Nf6 10. Ba3 Re8 11. Rc1 d5 12. cxd5 Nexd5 13. Na4 Nc7 14. Qc2 Nb5 15.
Bb2 Qe7 16. Rfd1 Bf5 17. Nc5 Rab8 18. a4 Nc7 19. b4 Red8 20. Ba3 Ne6 21. e4 Bg4
22. f3 Nxc5 23. Qxc5 Qxc5+ 24. Rxc5 Be6 25. Rc3 Nd7 26. Nc1 Nb6 27. a5 Nc4 28.
Na2 Nxa3 29. Rxa3 Bf8 30. Rc1 Bxa2 31. Rxa2 Bxb4 32. a6 c5 33. axb7 a5 34. Bf1
Rxb7 35. Kf2 Ra7 36. Ra4 Kf8 37. Be2 Rd4 38. Rca1 Bc3 39. R1a2 Rxa4 40. Rxa4
Ke7 41. Bd1 Rb7 42. Ra2 Rb1 43. Bc2 Rh1 44. Kg2 1/2-1/2

[Event "Lloyds Bank Masters 18th"]
[Site "London"]
[Date "1994.08.23"]
[Round "4"]
[White "Martin, Benjamin"]
[Black "Mah, Karl"]
[Result "1-0"]
[WhiteElo "2355"]
[BlackElo "2175"]
[PlyCount "73"]
[EventDate "1994.08.20"]
[EventType "swiss"]
[EventRounds "10"]
[EventCountry "ENG"]
[SourceTitle "BritBase"]

1. Nf3 Nf6 2. g3 g6 3. b3 Bg7 4. Bb2 d6 5. Bg2 O-O 6. O-O e5 7. c4 c6 8. d3
Nbd7 9. Nbd2 Ne8 10. Qc2 f5 11. b4 Nc7 12. Rac1 Ne6 13. c5 d5 14. e4 fxe4 15.
dxe4 d4 16. Qb3 Qf6 17. Bh3 Re8 18. Rce1 Kh8 19. Kg2 b5 20. Rc1 Ndf8 21. Ne1
Qg5 22. Ndf3 Qh5 23. Ng1 g5 24. Bf5 g4 25. h3 gxh3+ 26. Nxh3 Ng5 27. Nxg5 Qxg5
28. Bxc8 Raxc8 29. Nd3 Ng6 30. Rh1 Nf4+ 31. Nxf4 exf4 32. Qf7 fxg3 33. Rxh7+
Kxh7 34. Rh1+ Qh6 35. Bxd4 Qxh1+ 36. Kxh1 Rg8 37. Qf5+ 1-0

[Event "Lloyds Bank Masters 18th"]
[Site "London"]
[Date "1994.08.23"]
[Round "4"]
[White "McDonald, Neil R"]
[Black "Roberts, Paul"]
[Result "1-0"]
[WhiteElo "2420"]
[BlackElo "2170"]
[PlyCount "87"]
[EventDate "1994.08.20"]
[EventType "swiss"]
[EventRounds "10"]
[EventCountry "ENG"]
[SourceTitle "BritBase"]

1. e4 c5 2. Nf3 e6 3. d4 cxd4 4. Nxd4 Nf6 5. Nc3 d6 6. Be2 Nc6 7. Be3 Be7 8.
O-O O-O 9. f4 e5 10. Nxc6 bxc6 11. Kh1 exf4 12. Bxf4 Be6 13. Bf3 Qc7 14. Ne2
Bc4 15. Qd4 Bxe2 16. Bxe2 Nd7 17. Bc4 Ne5 18. Rad1 Rad8 19. Bg3 Kh8 20. Bb3 f6
21. Be6 Rfe8 22. Qc3 Bf8 23. Bb3 Rb8 24. Rd2 d5 25. Re2 Bb4 26. Qe3 Rbd8 27.
exd5 cxd5 28. Rd1 Qa5 29. c3 Bc5 30. Qd2 Bb6 31. Bxd5 Qb5 32. Ree1 Ng4 33. c4
Qd7 34. Rxe8+ Qxe8 35. b4 Ne5 36. Qe2 Qa4 37. c5 Bc7 38. Be1 Nc4 39. Rd4 Ne5
40. Bb3 Qc6 41. Rxd8+ Bxd8 42. Qd1 Bc7 43. Qd5 Qe8 44. Qe6 1-0

[Event "Lloyds Bank Masters 18th"]
[Site "London"]
[Date "1994.08.23"]
[Round "4"]
[White "McNab, Colin Anderson"]
[Black "Piper, Matthew"]
[Result "1-0"]
[WhiteElo "2465"]
[BlackElo "2255"]
[PlyCount "83"]
[EventDate "1994.08.20"]
[EventType "swiss"]
[EventRounds "10"]
[EventCountry "ENG"]
[SourceTitle "BritBase"]

1. c4 e5 2. Nc3 Nc6 3. Nf3 g6 4. d4 exd4 5. Nxd4 Bg7 6. Nxc6 bxc6 7. g3 Ne7 8.
Bg2 O-O 9. O-O d6 10. Bg5 Rb8 11. Qd2 f6 12. Bf4 c5 13. h4 Nf5 14. Rad1 Nd4 15.
b3 Bg4 16. Be3 Nf5 17. Bxc5 dxc5 18. Qf4 Nd4 19. Qxg4 f5 20. Qf4 Qe7 21. e3 Be5
22. Qh6 Ne6 23. Nd5 Qf7 24. h5 g5 25. Nxc7 Bxc7 26. Bd5 Rbe8 27. Bxe6 Qxe6 28.
Qxg5+ Kh8 29. Rd5 Be5 30. Re1 Rg8 31. Qh4 Rg4 32. Qh3 Reg8 33. Kh2 Qf6 34. f4
Bc7 35. Rg1 Qc3 36. Qg2 Bd8 37. Rxf5 Bh4 38. Qd5 Bxg3+ 39. Kh1 Rh4+ 40. Kg2
Bxf4+ 41. Qxg8+ Kxg8 42. Kf3+ 1-0

[Event "Lloyds Bank Masters 18th"]
[Site "London"]
[Date "1994.08.23"]
[Round "4"]
[White "Murugan, Krishnamoorthy"]
[Black "Mestel, A Jonathan"]
[Result "1/2-1/2"]
[WhiteElo "2440"]
[BlackElo "2520"]
[PlyCount "118"]
[EventDate "1994.08.20"]
[EventType "swiss"]
[EventRounds "10"]
[EventCountry "ENG"]
[SourceTitle "BritBase"]

1. d4 d6 2. Nf3 g6 3. c4 Bg7 4. Nc3 Bg4 5. e3 Nf6 6. h3 Bf5 7. Bd3 Bxd3 8. Qxd3
O-O 9. e4 c6 10. O-O a6 11. Bg5 h6 12. Be3 b5 13. a3 Nfd7 14. Rfd1 Nb6 15. b3
bxc4 16. bxc4 d5 17. cxd5 cxd5 18. Nxd5 Nxd5 19. exd5 Qxd5 20. Rac1 Nd7 21. Qc4
Qxc4 22. Rxc4 Nb6 23. Rc6 Nd5 24. Rdc1 e6 25. R1c4 Rfb8 26. Ra4 Rb1+ 27. Kh2
Rb6 28. Rxb6 Nxb6 29. Rb4 Nd5 30. Rb7 Bf8 31. a4 Bd6+ 32. Kg1 Nxe3 33. fxe3 Bg3
34. Kf1 Rc8 35. Nd2 Rc2 36. Ne4 Bc7 37. Nc5 Bd6 38. Ne4 Ba3 39. Rb3 Be7 40. Rb7
Ba3 41. Rb3 Bc1 42. Nc5 a5 43. Rd3 Bd2 44. Nb3 Bb4 45. d5 Kf8 46. dxe6 fxe6 47.
Rd8+ Kf7 48. Ra8 Ra2 49. Nxa5 Rxa4 50. Ra7+ Kf6 51. Nc6 Rxa7 52. Nxa7 Bc5 53.
Nb5 Bxe3 54. Ke2 Bc5 55. Nc3 Ke5 56. Kf3 h5 57. Ne4 Be7 58. Ke3 g5 59. Ng3 Bd6
1/2-1/2

[Event "Lloyds Bank Masters 18th"]
[Site "London"]
[Date "1994.08.23"]
[Round "4"]
[White "Panchapagesan, Arjun"]
[Black "McMichael, Richard"]
[Result "0-1"]
[WhiteElo "2135"]
[BlackElo "2305"]
[PlyCount "48"]
[EventDate "1994.08.20"]
[EventType "swiss"]
[EventRounds "10"]
[EventCountry "ENG"]
[SourceTitle "BritBase"]

1. e4 e5 2. Nf3 d6 3. Bc4 Be7 4. O-O Nf6 5. Re1 Bg4 6. c3 O-O 7. d3 Nc6 8. a4
d5 9. exd5 Nxd5 10. h3 Bh5 11. g4 Bg6 12. Nxe5 Nxe5 13. Rxe5 Nb6 14. Bb3 Bd6
15. Bg5 Qd7 16. Re3 Rae8 17. a5 Qb5 18. Rxe8 Rxe8 19. Be3 Qe5 20. axb6 Qh2+ 21.
Kf1 Rxe3 22. fxe3 Bg3 23. Bxf7+ Kh8 24. Qd2 Bxd3+ 0-1

[Event "Lloyds Bank Masters 18th"]
[Site "London"]
[Date "1994.08.23"]
[Round "4"]
[White "Ragozin, Evgeni"]
[Black "Brown, Simon D"]
[Result "1-0"]
[WhiteElo "2510"]
[BlackElo "2295"]
[PlyCount "67"]
[EventDate "1994.08.20"]
[EventType "swiss"]
[EventRounds "10"]
[EventCountry "ENG"]
[SourceTitle "BritBase"]

1. c4 e6 2. Nc3 d5 3. d4 Be7 4. Nf3 Nf6 5. Bg5 O-O 6. e3 Ne4 7. Bxe7 Qxe7 8.
Rc1 Rd8 9. Bd3 Nxc3 10. Rxc3 c6 11. Qc2 h6 12. O-O Nd7 13. a3 Nf8 14. Rc1 Bd7
15. Qe2 Be8 16. b4 a6 17. c5 f6 18. e4 dxe4 19. Qxe4 Bg6 20. Qg4 Bxd3 21. Rxd3
a5 22. b5 cxb5 23. Rb3 e5 24. Rxb5 exd4 25. Nxd4 Qd7 26. Nf5 h5 27. Qc4+ Qe6
28. Qxe6+ Nxe6 29. Rxb7 Nxc5 30. Rxg7+ Kh8 31. Rg6 Rd3 32. h3 Ne6 33. Rxf6 Re8
34. Re1 1-0

[Event "Lloyds Bank Masters 18th"]
[Site "London"]
[Date "1994.08.23"]
[Round "4"]
[White "Regan, Natasha"]
[Black "Sowray, Peter J"]
[Result "0-1"]
[WhiteElo "2115"]
[BlackElo "2335"]
[PlyCount "72"]
[EventDate "1994.08.20"]
[EventType "swiss"]
[EventRounds "10"]
[EventCountry "ENG"]
[SourceTitle "BritBase"]

1. e4 c5 2. d4 cxd4 3. c3 Nf6 4. e5 Nd5 5. Nf3 e6 6. cxd4 d6 7. Bc4 dxe5 8.
Nxe5 Nc6 9. Nxc6 bxc6 10. O-O Bd6 11. Nc3 O-O 12. Qh5 Nf6 13. Qh4 Rb8 14. Bd3
Rb4 15. Bg5 h6 16. Ne4 Be7 17. Rfd1 Nd5 18. Bxe7 Qxe7 19. Qxe7 Nxe7 20. Rd2 Rd8
21. Nc5 Rbxd4 22. Rad1 R4d5 23. b4 a5 24. bxa5 Rxc5 25. Bh7+ Kxh7 26. Rxd8 Kg6
27. h3 Rxa5 28. Re8 Kf6 29. Rd4 e5 30. Rd6+ Be6 31. g4 Rxa2 32. h4 Ra7 33. Rb8
Ra4 34. f3 Ra2 35. Rb7 Ng6 36. Rxc6 Nxh4 0-1

[Event "Lloyds Bank Masters 18th"]
[Site "London"]
[Date "1994.08.23"]
[Round "4"]
[White "Rosenberg, Daniel"]
[Black "Mortazavi, Ali"]
[Result "1/2-1/2"]
[WhiteElo "2205"]
[BlackElo "2390"]
[PlyCount "111"]
[EventDate "1994.08.20"]
[EventType "swiss"]
[EventRounds "10"]
[EventCountry "ENG"]
[SourceTitle "BritBase"]

1. d4 Nf6 2. c4 a6 3. Nc3 c5 4. d5 b5 5. cxb5 d6 6. e4 g6 7. a4 Bg7 8. Ra3 O-O
9. Nf3 axb5 10. axb5 Rxa3 11. bxa3 Qa5 12. Qd2 Bh6 13. Qxh6 Qxc3+ 14. Qd2 Nxe4
15. Qxc3 Nxc3 16. Bc4 Bb7 17. Bh6 Rc8 18. Kd2 Nxd5 19. Bxd5 Bxd5 20. a4 c4 21.
Kc3 Nd7 22. a5 Nc5 23. Be3 Ne4+ 24. Kb4 c3 25. a6 f5 26. b6 f4 27. b7 Bxb7 28.
axb7 Rb8 29. Bxf4 Rxb7+ 30. Kc4 Rc7+ 31. Kb3 Nxf2 32. Rf1 Nd3 33. Bh6 c2 34.
Bc1 e5 35. Ng1 d5 36. Bh6 Rc8 37. Ne2 d4 38. Nc1 Nxc1+ 39. Rxc1 d3 40. Rf1 e4
41. Kb2 g5 42. Bxg5 Kg7 43. Bd2 Kg6 44. g4 h5 45. gxh5+ Kxh5 46. Rf4 Rb8+ 47.
Kc3 Rc8+ 48. Kb2 Rb8+ 49. Kc3 Rc8+ 50. Kb2 Re8 51. Kc3 e3 52. Kxd3 exd2 53.
Kxd2 Re2+ 54. Kc1 Rxh2 55. Rc4 Rh1+ 56. Kxc2 1/2-1/2

[Event "Lloyds Bank Masters 18th"]
[Site "London"]
[Date "1994.08.23"]
[Round "4"]
[White "Rowson, Jonathan"]
[Black "Howell, James C"]
[Result "1-0"]
[WhiteElo "2305"]
[BlackElo "2505"]
[PlyCount "85"]
[EventDate "1994.08.20"]
[EventType "swiss"]
[EventRounds "10"]
[EventCountry "ENG"]
[SourceTitle "BritBase"]

1. e4 c5 2. Nf3 e6 3. d4 cxd4 4. Nxd4 Nf6 5. Nc3 d6 6. g4 Nc6 7. g5 Nd7 8. Be3
Be7 9. h4 O-O 10. Qd2 Nde5 11. O-O-O Nxd4 12. Qxd4 Ng4 13. Bh3 Nxe3 14. Qxe3
Qa5 15. f4 b5 16. Kb1 b4 17. Ne2 Re8 18. f5 exf5 19. Bxf5 Bxf5 20. Rd5 Qb6 21.
Qxb6 axb6 22. exf5 Bxg5 23. hxg5 Rxe2 24. Rxd6 b5 25. Rhd1 Kf8 26. b3 Rae8 27.
R1d5 R2e5 28. f6 gxf6 29. gxf6 h5 30. Rxe5 Rxe5 31. Rd8+ Re8 32. Rd5 Re6 33.
Rxb5 Rxf6 34. Rxb4 Rh6 35. Rh4 Kg7 36. a4 Kg6 37. a5 Kg5 38. Rh1 h4 39. b4 Kg4
40. b5 Rh5 41. c4 Rc5 42. Rc1 h3 43. b6 1-0

[Event "Lloyds Bank Masters 18th"]
[Site "London"]
[Date "1994.08.23"]
[Round "4"]
[White "Sareen, Vishal"]
[Black "Sadler, Matthew D"]
[Result "1-0"]
[WhiteElo "2310"]
[BlackElo "2560"]
[PlyCount "93"]
[EventDate "1994.08.20"]
[EventType "swiss"]
[EventRounds "10"]
[EventCountry "ENG"]
[SourceTitle "BritBase"]

1. e4 c5 2. Nf3 d6 3. d4 cxd4 4. Nxd4 Nf6 5. Nc3 a6 6. Be3 Ng4 7. Bg5 h6 8. Bh4
g5 9. Bg3 Bg7 10. Qd2 Nc6 11. Nb3 b5 12. h4 gxh4 13. Bxh4 Be6 14. f4 Rc8 15.
Be2 h5 16. O-O-O Nb4 17. Kb1 Qb6 18. f5 Bxb3 19. cxb3 Qe3 20. a3 Nc6 21. Nd5
Qxe4+ 22. Ka2 Be5 23. Nb6 Rc7 24. Nd5 Rc8 25. Nb6 Rc7 26. Nd5 Rd7 27. Nb6 Qxf5
28. Rhf1 Qe6 29. Bf3 Nd8 30. Bd5 Qh6 31. Bg5 Qg6 32. Nxd7 Kxd7 33. Rc1 e6 34.
Bf3 f6 35. Bh4 Nh2 36. Rfd1 Nxf3 37. gxf3 Nc6 38. Rg1 Qh7 39. f4 Bd4 40. Rxc6
Qe4 41. Rgc1 e5 42. fxe5 fxe5 43. Bf2 Qxc6 44. Rxc6 Kxc6 45. Bxd4 exd4 46. Qxd4
Re8 47. Qc3+ 1-0

[Event "Lloyds Bank Masters 18th"]
[Site "London"]
[Date "1994.08.23"]
[Round "4"]
[White "Saunders, John C"]
[Black "Knott, Gavin A"]
[Result "1-0"]
[WhiteElo "2225"]
[BlackElo "1920"]
[PlyCount "95"]
[EventDate "1994.08.20"]
[EventType "swiss"]
[EventRounds "10"]
[EventCountry "ENG"]
[SourceTitle "BritBase"]

1. e4 c6 2. d4 d5 3. Nd2 dxe4 4. Nxe4 Nf6 5. Ng3 h5 6. h4 g6 7. Bc4 Bg7 8. c3
b5 9. Bb3 Na6 10. Qd3 Nc5 11. Qd1 Nxb3 12. Qxb3 Qd5 13. Qxd5 cxd5 14. Nf3 Ng4
15. O-O O-O 16. Re1 Re8 17. Bf4 a5 18. Bd6 Bf6 19. Ng5 Nh6 20. Be5 Ng4 21. Bf4
Bg7 22. Bd6 e6 23. Nf3 Bd7 24. Ne5 Nxe5 25. dxe5 Rec8 26. Ne2 b4 27. f4 Rc4 28.
g3 Ra6 29. b3 Re4 30. Nd4 bxc3 31. Rxe4 dxe4 32. Ne2 Bc6 33. Nxc3 Bb7 34. Re1
Bf8 35. Bxf8 Kxf8 36. Nxe4 Bxe4 37. Rxe4 Ke7 38. Ra4 Kd7 39. Kf2 Kc6 40. b4 Rb6
41. Rxa5 Rxb4 42. Ra7 Kd5 43. Kf3 Rb2 44. Rd7+ Kc5 45. Rxf7 Rxa2 46. Rc7+ Kd5
47. Rd7+ Kc5 48. Rd6 1-0

[Event "Lloyds Bank Masters 18th"]
[Site "London"]
[Date "1994.08.23"]
[Round "4"]
[White "Savchenko, Stanislav"]
[Black "Slutzky, Leonid"]
[Result "1-0"]
[WhiteElo "2570"]
[BlackElo "2340"]
[PlyCount "67"]
[EventDate "1994.08.20"]
[EventType "swiss"]
[EventRounds "10"]
[EventCountry "ENG"]
[SourceTitle "BritBase"]

1. d4 Nf6 2. c4 e6 3. Nf3 d5 4. Nc3 Bb4 5. cxd5 exd5 6. Bg5 h6 7. Bxf6 Qxf6 8.
Qb3 c5 9. dxc5 Bxc3+ 10. bxc3 Qc6 11. Rd1 Qxc5 12. e3 O-O 13. Be2 Be6 14. O-O
Qc7 15. Nd4 Nc6 16. Nxe6 fxe6 17. e4 Na5 18. Qb1 Rad8 19. Bg4 Rf6 20. Rfe1 Qf7
21. Re2 Nc6 22. exd5 exd5 23. Rde1 Kh8 24. Be6 Qc7 25. Bxd5 Rff8 26. c4 Nd4 27.
Re7 Qf4 28. Qb2 Qf6 29. Rxb7 Rde8 30. Rxe8 Rxe8 31. Rb8 Qe5 32. Rxe8+ Qxe8 33.
g3 Qe5 34. Kg2 1-0

[Event "Lloyds Bank Masters 18th"]
[Site "London"]
[Date "1994.08.23"]
[Round "4"]
[White "Sheldon, Ruth"]
[Black "Basman, Michael John"]
[Result "0-1"]
[WhiteElo "2120"]
[BlackElo "2375"]
[PlyCount "156"]
[EventDate "1994.08.20"]
[EventType "swiss"]
[EventRounds "10"]
[EventCountry "ENG"]
[SourceTitle "BritBase"]

1. d4 h6 2. e4 a6 3. Be3 d6 4. Be2 Nf6 5. Nc3 Nc6 6. a4 g5 7. h4 gxh4 8. Rxh4
e5 9. dxe5 Nxe5 10. Rh1 Bd7 11. Nf3 Neg4 12. Bf4 Qe7 13. Qd4 c5 14. Qd3 Bc6 15.
Nd5 Bxd5 16. exd5 Rg8 17. Nd2 O-O-O 18. Nc4 h5 19. O-O-O Kb8 20. Rhf1 Bh6 21.
Bxh6 Nxh6 22. Rfe1 Qd7 23. Nb6 Qc7 24. Qb3 Nhg4 25. f3 Ne5 26. Nc4 Nxc4 27.
Bxc4 Rxg2 28. Bxa6 c4 29. Bxc4 Rc8 30. Re2 Rxe2 31. Bxe2 h4 32. Rd4 h3 33. Rh4
Qe7 34. Bd1 Nxd5 35. Rxh3 Qg5+ 36. Kb1 Qe5 37. Rh1 Rc6 38. f4 Qd4 39. a5 Rc4
40. Bf3 Rb4 41. Bxd5 Rxb3 42. Bxb3 f5 43. Rf1 Ka7 44. Be6 Qe4 45. Bf7 Ka6 46.
Rd1 Qxf4 47. Rd5 Ka7 48. b3 Qf2 49. Kb2 f4 50. Rxd6 f3 51. Bc4 Qe3 52. Rd7 Qe5+
53. Kb1 Qxa5 54. Rf7 f2 55. Kb2 Qc5 56. Ka2 Kb8 57. Bd3 Kc8 58. Bc4 b6 59. Bd3
Kd8 60. Bc4 Ke8 61. Rf3 Ke7 62. Rf7+ Kd6 63. Bd3 Qe3 64. Rf5 Ke6 65. Rf8 Kd5
66. Rd8+ Kc5 67. Rc8+ Kd4 68. Rf8 Kc3 69. Kb1 Qc5 70. Rf3 Kd2 71. Kb2 b5 72.
Rf7 Qe5+ 73. Kb1 Qe1+ 74. Kb2 Qc1+ 75. Ka2 b4 76. Rf8 f1=Q 77. Bxf1 Qxc2+ 78.
Ka1 Kc1 0-1

[Event "Lloyds Bank Masters 18th"]
[Site "London"]
[Date "1994.08.23"]
[Round "4"]
[White "Stanton, William"]
[Black "Kataev, Simcho"]
[Result "0-1"]
[WhiteElo "2170"]
[BlackElo "2385"]
[PlyCount "48"]
[EventDate "1994.08.20"]
[EventType "swiss"]
[EventRounds "10"]
[EventCountry "ENG"]
[SourceTitle "BritBase"]

1. e4 c6 2. d4 d5 3. Nd2 g6 4. c3 h5 5. Ngf3 Nh6 6. Bd3 dxe4 7. Nxe4 Bf5 8. Bf4
Nd7 9. Qe2 Bxe4 10. Bxe4 e6 11. Ne5 Nxe5 12. Bxe5 Rg8 13. O-O-O Qa5 14. d5 exd5
15. Bf6 Kd7 16. Rhe1 Bd6 17. Bg5 Ng4 18. Qf3 Ne5 19. Qf6 Rae8 20. Kb1 Re6 21.
Qf4 dxe4 22. Rxe4 f5 23. Red4 Nf7 24. b4 Qe5 0-1

[Event "Lloyds Bank Masters 18th"]
[Site "London"]
[Date "1994.08.23"]
[Round "4"]
[White "Trifunovic, Aleksandar"]
[Black "Gual Pascual, Antonio"]
[Result "1/2-1/2"]
[WhiteElo "2225"]
[BlackElo "2395"]
[PlyCount "40"]
[EventDate "1994.08.20"]
[EventType "swiss"]
[EventRounds "10"]
[EventCountry "ENG"]
[SourceTitle "BritBase"]

1. d4 f5 2. g3 Nf6 3. Bg2 g6 4. Nf3 Bg7 5. O-O O-O 6. b3 d6 7. Bb2 a5 8. Nbd2
a4 9. a3 axb3 10. cxb3 c6 11. Qc2 Na6 12. Ne1 Nc7 13. Nd3 Qe8 14. Rae1 Qf7 15.
f3 Nfe8 16. e3 g5 17. Nc4 Be6 18. a4 b5 19. Nd2 Bd7 20. Ra1 bxa4 1/2-1/2

[Event "Lloyds Bank Masters 18th"]
[Site "London"]
[Date "1994.08.23"]
[Round "4"]
[White "Turner, Matthew"]
[Black "Tkachiev, Vladislav"]
[Result "0-1"]
[WhiteElo "2395"]
[BlackElo "2535"]
[PlyCount "96"]
[EventDate "1994.08.20"]
[EventType "swiss"]
[EventRounds "10"]
[EventCountry "ENG"]
[SourceTitle "BritBase"]

1. e4 g6 2. Nc3 Bg7 3. g3 c5 4. Bg2 Nc6 5. d3 d6 6. f4 Rb8 7. Nf3 e5 8. O-O
Nge7 9. Nh4 Nd4 10. fxe5 dxe5 11. Bg5 Qd6 12. Bxe7 Qxe7 13. Nd5 Qd6 14. c3 Nc6
15. a3 O-O 16. b4 Ne7 17. Qa4 a6 18. Qa5 Nxd5 19. exd5 b5 20. bxc5 Qxc5+ 21.
Kh1 Bb7 22. c4 e4 23. Rac1 Bh6 24. dxe4 Bxc1 25. Rxc1 Rbc8 26. Nf3 Rfe8 27. Nd2
bxc4 28. Qxc5 Rxc5 29. Kg1 c3 30. Nb3 Rcc8 31. Kf2 c2 32. Nd4 Rc4 33. Ke3 Ra4
34. Kd3 Rxa3+ 35. Kd2 Ra4 36. Nxc2 Rc8 37. Bh3 Rc5 38. Rb1 Rb5 39. Rxb5 axb5
40. Kd3 f5 41. exf5 Bxd5 42. fxg6 Be4+ 43. Kd2 hxg6 44. Be6+ Kg7 45. Ne3 Rd4+
46. Kc1 Rd6 47. Ba2 Rd3 48. Nd1 Bf3 0-1

[Event "Lloyds Bank Masters 18th"]
[Site "London"]
[Date "1994.08.23"]
[Round "4"]
[White "Ward, Christopher R"]
[Black "Mendoza Contreras, Lucas Eduardo"]
[Result "1-0"]
[WhiteElo "2490"]
[BlackElo "2285"]
[PlyCount "59"]
[EventDate "1994.08.20"]
[EventType "swiss"]
[EventRounds "10"]
[EventCountry "ENG"]
[SourceTitle "BritBase"]

1. d4 Nf6 2. c4 c5 3. d5 b5 4. a4 bxc4 5. Nc3 d6 6. e4 g6 7. Bxc4 Ba6 8. Bb5+
Nfd7 9. f4 Bg7 10. Nf3 O-O 11. O-O Qb6 12. Qe2 Bxb5 13. axb5 a6 14. e5 dxe5 15.
fxe5 Ra7 16. e6 fxe6 17. Qxe6+ Qxe6 18. dxe6 Ne5 19. Nxe5 Rxf1+ 20. Kxf1 Bxe5
21. Be3 Bxh2 22. Bxc5 Rc7 23. Bb6 Rc4 24. bxa6 Nxa6 25. Rxa6 Rf4+ 26. Ke2 Rb4
27. Kd3 Rxb2 28. Bd4 Rb8 29. Nd5 Bd6 30. Rxd6 1-0

[Event "Lloyds Bank Masters 18th"]
[Site "London"]
[Date "1994.08.23"]
[Round "4"]
[White "Williams, Simon Kim"]
[Black "Gillani, Tunveer MD"]
[Result "1-0"]
[WhiteElo "2185"]
[BlackElo "2405"]
[PlyCount "69"]
[EventDate "1994.08.20"]
[EventType "swiss"]
[EventRounds "10"]
[EventCountry "ENG"]
[SourceTitle "BritBase"]

1. c4 c5 2. Nc3 Nc6 3. g3 e6 4. Bg2 Nf6 5. e4 a6 6. Nge2 Qc7 7. O-O Rb8 8. a4
b6 9. b3 Bb7 10. Bb2 Nd4 11. d3 Be7 12. h3 Bc6 13. Nxd4 cxd4 14. Ne2 e5 15. f4
d6 16. b4 Bd7 17. b5 a5 18. Ba3 Qc8 19. Kh2 h5 20. Qd2 h4 21. g4 Bxg4 22. hxg4
Nxg4+ 23. Kh1 Ne3 24. f5 g5 25. Rf3 g4 26. Rxe3 dxe3 27. Qxe3 Qd8 28. d4 Bg5
29. Qc3 exd4 30. Qxd4 Qf6 31. e5 Qxe5 32. Bc6+ Kd8 33. Qxd6+ Qxd6 34. Bxd6 Rc8
35. Rd1 1-0